[Event "NOR-ch U16"]
[Site "Stavanger"]
[Date "2017.07.01"]
[Round "3"]
[White "Dias, Ethan"]
[Black "Melaa, Sondre Lillestol"]
[Result "0-1"]
[WhiteElo "1744"]
[BlackElo "1865"]
[PlyCount "89"]
[EventDate "2017.07.01"]
[EventType "swiss"]
[EventRounds "9"]
[EventCountry "NOR"]
[SourceTitle "EXT 2018"]
[Source "ChessBase"]
[SourceDate "2017.10.13"]
[SourceVersion "1"]
[SourceVersionDate "2017.10.13"]
[SourceQuality "1"]

1. e4 e5 2. Nf3 Nc6 3. Bc4 Bc5 4. b4 Bxb4 5. c3 Ba5 6. d4 exd4 7. 0-0 d6 8. Qb3 Qe7 9. cxd4 Bb6 10. Qd3 Bg4 11. Nbd2 0-0-0 12. Rb1 Nf6 13. Re1 Rhe8 14. Bd5 Nxd4 15. Bxb7+ Kxb7 16. Nxd4 Bd7 17. Nc4 Ka8 18. Ba3 Bxd4 19. Qxd4 Be6 20. Na5 c5 21. Qa4 Qd7 22. Qc2 Rb8 23. e5 Rxb1 24. Rxb1 Bf5 25. Qc1 Bxb1 26. Qxb1 Rxe5 27. Bb2 Qb5 28. Nb3 Re2 29. Qd1 Rxb2 30. Qf3+ Kb8 31. h3 Qe2 32. Qf4 Rb1+ 33. Kh2 Qe5 34. Qxe5 dxe5 35. Nxc5 Rb2 36. Nd3 Rxa2 37. Nxe5 Rxf2 38. Nxf7 Ng4+ 39. Kg3 Rxf7 40. Kxg4 a5 41. Kh5 a4 42. g4 a3 43. g5 g6+ 44. Kh6 a2 45. h4 0-1